| 000 | 01329nam a2200253Ia 4500 | ||
|---|---|---|---|
| 999 |
_c51069 _d51069 |
||
| 001 | 18026 | ||
| 003 | GE_BSU | ||
| 005 | 20230615103117.0 | ||
| 008 | 181216s1973ge xx |||||||||||||| ||geo|| | ||
| 040 | _cGE_BSU | ||
| 041 | _ageo | ||
| 080 | _a821.353.1-13 ვ-43 | ||
| 245 |
_aვეფხისტყაოსნის სიმფონია : _bფუძეთა და სიტყვა-ფორმათა ინდექსი / _cრედ. მ. ჭაბაშვილი, ალ. ჭინჭარაული, მხატ: გ.ნადირაძე |
||
| 264 |
_aთბილისი : _bმეცნიერება, _c1973. |
||
| 300 |
_a226 გვ. ; _b22 სმ. |
||
| 501 | _aსაძიებელი გვ.: 166-224 | ||
| 653 | _aვეფხისტყაოსნის სიმფონია | ||
| 653 | _aრუსთაველი შოთა და მისი "ვეფხისტყაოსანი | ||
| 653 | _aფუძეთა და სიტყვა-ფორმათა ინდექსი | ||
| 700 |
_aჭაბაშვილი, მ _eრედაქტორი _98021 |
||
| 700 |
_aჭინჭარაული, ა _eრედაქტორი _97682 |
||
| 700 |
_aნადირაძე, გ _eმხატვარი _918729 |
||
| 942 |
_cBK _2udc |
||